| 000 | 00957naa a22002657a 4500 | ||
|---|---|---|---|
| 001 | BR8203895 | ||
| 003 | BR-BrBNA | ||
| 005 | 20250721143206.0 | ||
| 007 | ta | ||
| 008 | 250630b bl.|||m| |||| 00| 0 por d | ||
| 040 |
_aBR-BrBNA _bpor _cBiblioteca Nacional de Agricultura |
||
| 041 | _a(En) | ||
| 072 |
_aQ10 _b9210 |
||
| 090 | _aQ10 BR8203895 | ||
| 100 | 1 | _aBrennan, P.W. | |
| 245 | 1 | _aMill control [industria alimenticia, trigo, farinha] | |
| 500 | _aSeminarios do Centro de Tecnologia Agricola e Alimentar, 1981 Rio de Janeiro, RJ (Brasil): 1982. p. 59-78 (BR8203895-AMS) | ||
| 773 | 0 |
_tSeminarios do Centro de Tecnologia Agricola e Alimentar, 1981 _wQ10 BR8203895 _gRio de Janeiro, RJ (Brasil), 1982. p. 59-78 |
|
| 650 | _aINDUSTRIA ALIMENTICIA | ||
| 650 | _aTRIGO | ||
| 650 | _aFARINHA | ||
| 490 |
_aDocumentos - Centro de Tecnologia Agricola e Alimentar (Brazil) _vno. 2 |
||
| 942 |
_cAMS _2AGRIS |
||
| 909 |
_a202506 _bLúcia _c55 _dLúcia Elande |
||
| 999 |
_c334250 _d334250 |
||